History Quiz

Random History Quiz

INDIAN PRESIDENTS Quiz Stats

 Plays Quiz not verified by Sporcle

Score 0/13 Timer 05:00
0 Plays Today
Hint Answer % Correct
1950-1962RAJENDRA PRASAD
89.7%
2012-INCUMBENTPRANAB MUKHERJEE
53.4%
2002-2007APJ ABDUL KALAM
44.8%
1992-1997SHANKAR DAYAL SHARMA
32.8%
1997-2002KR NARAYANAN
31%
1962-1967SARVEPALLI RADHAKRISHNAN
29.3%
1982-1987GIANI ZAIL SINGH
20.7%
2007-2012PRATHIBHA PATIL
17.2%
1969-1974VARAHAGIRI VENKATA GIRI
12.1%
1977-1982NEELAM SANJIVA REDDY
12.1%
1967-1969DR ZAKIR HUSAIN
5.2%
1974-1977FAKHRUDDIN ALI AHMED
5.2%
1987-1992RAMASWAMY VENKATARAMAN
5.2%

You're not logged in!

Compare scores with friends on all Sporcle quizzes.
OR
Log In

Show Comments

Extras

Created Nov 12, 2016ReportNominate
Tags:india, President

Top Quizzes Today


Score Distribution

Your Account Isn't Verified!

In order to create a playlist on Sporcle, you need to verify the email address you used during registration. Go to your Sporcle Settings to finish the process.

Report this User

Report this user for behavior that violates our Community Guidelines.

Details: